NCAA FBS Teams by State - Statistics

General Stats
  • This quiz has been taken 18 times
    13 since last reset
  • The average score is 130 of 138
Answer Stats
Location: Conf. Answer: % Correct
Tuscaloosa, AL SEC Alabama
100%
Tuscon, AZ BIG12 Arizona
100%
Tempe, AZ BIG12 Arizona State
100%
Fayetteville, AR SEC Arkansas
100%
Jonesboro, AR SBC Arkansas State
100%
West Point, NY AAC Army
100%
______, AL SEC Auburn
100%
_____, ID MWC Boise State
100%
Chesnut Hill, MA ACC Boston College
100%
B______ G____, OH MAC Bowling Green
100%
Berkeley, CA ACC California
100%
Mount Pleasant, MI MAC Central Michigan
100%
C_________, OH BIG12 Cincinnati
100%
Boulder, CO BIG12 Colorado
100%
Fort Collins, CO BIG12 Colorado State
100%
Newark, DE CUSA Delaware
100%
Durham, NC ACC Duke
100%
Ypsilanti, MI MAC Eastern Michigan
100%
Gainesville, FL SEC Florida
100%
Tallahassee, FL ACC Florida State
100%
Fresno, CA MWC Fresno State
100%
Athens, GA SEC Georgia
100%
Statesboro, GA SBC Georgia Southern
100%
Atlanta, GA SBC Georgia State
100%
Atlanta, GA ACC Georgia Tech
100%
Honolulu, HI MWC Hawai'i
100%
Urbana-Champaign, IL BIG10 Illinois
100%
Bloomington, IN BIG10 Indiana
100%
____ City, IA BIG10 Iowa
100%
Ames, IA BIG12 Iowa State
100%
J________, AL CUSA Jacksonville State
100%
Lawrence, KS BIG12 Kansas
100%
Manhattan, KS BIG12 Kansas State
100%
K______, GA CUSA Kennesaw State
100%
K____, OH MAC Kent State
100%
Lexington, KY SEC Kentucky
100%
Baton Rouge, LA SEC LSU
100%
College Park, MD BIG10 Maryland
100%
_______, TN AAC Memphis
100%
Coral Gables, FL ACC Miami (FL)
100%
Oxford, OH MAC Miami (OH)
100%
Ann Arbor, MI BIG10 Michigan
100%
East Lansing, MI BIG10 Michigan State
100%
Murfreesboro, TN CUSA Middle Tennessee State
100%
Starkville, MS SEC Mississippi State
100%
Columbia, MO SEC Missouri
100%
Springfield, MO CUSA Missouri State
100%
Raleigh, NC ACC NC State
100%
Lincoln, NE BIG10 Nebraska
100%
Reno, NV MWC Nevada
100%
Albuquerque, NM MWC New Mexico
100%
Las Cruces, NM CUSA New Mexico State
100%
Chapel Hill, NC ACC North Carolina
100%
Fargo, ND* MWC North Dakota State
100%
Evanston, IL BIG10 Northwestern
100%
South Bend, IN IND. Notre Dame
100%
Athens, OH MAC Ohio
100%
Columbus, OH BIG10 Ohio State
100%
Norman, OK SEC Oklahoma
100%
Stillwater, OK BIG12 Oklahoma State
100%
Oxford, MS SEC Ole Miss
100%
Eugene, OR BIG10 Oregon
100%
Corvallis, OR PAC12 Oregon State
100%
University Park, PA BIG10 Penn State
100%
__________, PA ACC Pitt
100%
West Lafayette, IN BIG10 Purdue
100%
___ D____, CA MWC San Diego State
100%
___ J___, CA MWC San Jose State
100%
Columbia, SC SEC South Carolina
100%
Palo Alto, CA ACC Stanford
100%
_______, NY ACC Syracuse
100%
Philadelphia, PA AAC Temple
100%
Knoxville, TN SEC Tennessee
100%
New Orleans, LA AAC Tulane
100%
_____, OK AAC Tulsa
100%
Orlando, FL BIG12 UCF
100%
Los Angeles, CA BIG10 UCLA
100%
East Hartford, CT IND. UCONN
100%
Amherst, MA MAC UMASS
100%
Las Vegas, NV MWC UNLV
100%
Los Angeles, CA BIG10 USC
100%
Salt Lake City, UT BIG12 Utah
100%
Logan, UT MWC Utah State
100%
Nashville, TN SEC Vanderbilt
100%
Charlottesville, VA ACC Virginia
100%
Seattle, WA BIG10 Washington
100%
Pullman, WA PAC12 Washington State
100%
Kalamazoo, MI MAC Western Michigan
100%
Morgantown, WV BIG12 West Virginia
100%
Laramie, WY MWC Wyoming
100%
Colorado Springs MWC Air Force
88%
A_____, OH MAC Akron
88%
Boone, NC SBC App State
88%
Munice, IN MAC Ball State
88%
Waco, TX BIG12 Baylor
88%
Provo, UT BIG12 BYU
88%
Charlotte, NC AAC Charlotte
88%
_______, SC ACC Clemson
88%
Conway, SC SBC Coastal Carolina
88%
Boca Raton, FL AAC Florida Atlantic
88%
Miami, University Park, FL CUSA Florida International
88%
_______, TX AAC Houston
88%
Lafayette, LA SBC Louisiana
88%
Ruston, LA CUSA Louisiana Tech
88%
Louisville, KY ACC Louisville
88%
Huntington, WV SBC Marshall
88%
Minneapolis, MN BIG10 Minnesota
88%
DeKalb, IL MAC Northern Illinois
88%
Piscataway, NJ BIG10 Rutgers
88%
Sacra____, CA* MAC Sacramento State
88%
Huntsville, TX CUSA Sam Houston
88%
University Park, TX ACC SMU
88%
Mobile, AL SBC South Alabama
88%
Hattiesburg, MS SBC Southern Miss
88%
Tampa, FL ACC South Florida
88%
Fort Worth, TX BIG12 TCU
88%
Austin, TX SEC Texas
88%
College Station, TX SEC Texas A&M
88%
Lubbock, TX BIG12 Texas Tech
88%
Birmingham, AL AAC UAB
88%
______, LA SBC ULM
88%
Blacksburg, VA ACC Virginia Tech
88%
Winston-Salem, NC ACC Wake Forest
88%
Bowling Green, KY CUSA Western Kentucky
88%
Madison, WI BIG10 Wisconsin
88%
Greenville, NC AAC East Carolina
75%
Annapolis, MD AAC Navy
75%
Denton, TX AAC North Texas
75%
Norfolk, VA SBC Old Dominion
75%
Houston, TX AAC Rice
75%
San Marcos, TX SBC Texas State
75%
______, OH MAC Toledo
75%
T___, AL SBC Troy
75%
El Paso, TX CUSA UTEP
75%
San Antonio, TX AAC UTSA
75%
______, NY MAC Buffalo
63%
Lynchburg, VA CUSA Liberty
63%
Harrisonburg, VA SBC James Madison
38%
No matching quizzes found
Score Distribution
Percent of People with Each Score
Percentile by Number Answered
Your Score History
You have not taken this quiz since the last reset